Znalostní ekonomika v pojišťovnictví

Fórum o znalostnej ekonomike. Základné princípy znalostnej ekonomiky. Znalostná ekonomika a Európska únia. Podmienky globálnej konkurencie bohatstva národov.

Guardado en:
Detalles Bibliográficos
Autor principal: Kodiš, Václav
Formato: Capítulo de libro
Lenguaje:checo
Materias:
Etiquetas: Agregar Etiqueta
Sin Etiquetas, Sea el primero en etiquetar este registro!

MARC

LEADER 00000naa$a2200000$$$4500
001 0052329
005 20231006075359.1
041 0 |a cze 
044 |a CZ 
245 1 0 |a Znalostní ekonomika v pojišťovnictví  |c Václav Kodiš 
520 |a Fórum o znalostnej ekonomike. Základné princípy znalostnej ekonomiky. Znalostná ekonomika a Európska únia. Podmienky globálnej konkurencie bohatstva národov. 
610 2 0 |a ekonomika vedomostná 
610 2 0 |a poisťovníctvo 
610 2 0 |a konkurencieschopnosť 
610 2 0 |a Európska únia 
610 2 0 |a bohatstvo národné 
610 2 0 |a reformy 
100 1 |a Kodiš, Václav